Statistics for Guess the lyrics (#20)

Click here to take the quiz!

General Stats

  • This quiz has been taken 256 times
  • The average score is 138 of 291

Answer Stats

Answer% Correct
I
99%
a
96%
the
91%
You
89%
you
89%
an
88%
me
86%
be
82%
to
82%
we
82%
and
81%
And
81%
in
81%
In
81%
on
79%
do
78%
it
77%
It
77%
your
77%
my
76%
My
76%
go
75%
Go
75%
is
74%
So
72%
can
71%
no
69%
of
68%
Will
65%
will
65%
what
64%
don't
63%
don't,
63%
was
63%
for
62%
have
62%
I'm
61%
they
61%
ever
59%
see
59%
all
56%
can't
55%
not
55%
as
54%
like
53%
Like
53%
I'll
50%
it's
50%
but
49%
day
49%
just
48%
Just
48%
say
48%
Say
48%
never
47%
With
47%
some
46%
up
46%
at
45%
won't
45%
every
43%
life
41%
got
39%
Got
39%
way
38%
I've
37%
Oh
37%
now
36%
Now
36%
feel
34%
Feel
34%
well
34%
been
33%
Come
33%
come
33%
look
33%
again?
31%
again
31%
give
31%
away,
29%
tell
29%
believe
28%
yes
26%
heed
25%
own
25%
those
24%
meet
23%
thought
23%
before
22%
early
22%
morning
22%
must
22%
without
22%
find
21%
new
21%
things
21%
lover
19%
pain
19%
free
18%
once
18%
keep
17%
really
17%
dreams
16%
Hope
16%
stay,
16%
through
16%
Goodbye
15%
goodbye
15%
true
15%
dawn
14%
far
12%
moving
12%
truth
12%
stranger,
11%
tomorrow,
11%
Tried
11%
behind
10%
king
10%
leaving
10%
Jane
9%
Mary,
9%
Mary
9%
nice
9%
road
9%
yesterday
9%
castle
8%
point
8%
queen
8%
shame
8%
view
8%
devil
7%
paradise
7%
shining
7%
shining,
7%
sorrow,
7%
youth
7%
anchor
6%
brand
6%
enjoyed
6%
few
6%
set
6%
ship
6%
sweet
6%
Sweet
6%
throne
6%
troubles
6%
undisputed
6%
laugh
5%
ocean
5%
pay
5%
bother
4%
chain
4%
chosen
4%
devotion,
4%
ladies
4%
saviour,
4%
sends
4%
shiver
4%
that'll
4%
veins
4%
behaviour
3%
land
3%
motion
3%
slave
3%
sorry,
3%
Hit
2%
dash
1%

Score Distribution

Percentile by Number Answered

Percent of People with Each Score

Your Score History

You have not taken this quiz